000 00749cam a2200205 4500
001 ABS62628
008 000000n2000 000 0 eng u
035 _a(Sirsi) u107632
100 _aCavanagh, E.
245 _aAfter 46 years it's time for a change
260 _c2000
490 _aEstates Gazette
_v(0029) 22 July 2000, 114-115(2)
520 _aA recent survey into the future of the Landlord and Tenant Act 1954 by CMS Cameron McKenna, reveals that 51% of respondents would like to see the Act repealed, and not replaced. Discusses the rest of the results. Pie charts.
590 _aABS
650 _aLANDLORD AND TENANT ACT 1954
650 _aREFORM
650 _aABOLITION
690 _aPROPERTY-LANDLORD AND TENANT
942 _n0
999 _c64310
_d64310